Příběhy ze špatné čtvrti, aneb, Jak pracovat s tématem segregace nejen ve školství /

Další autoři: Nikolai, Tomáš, 1976-, Sedláčková, Petra
Jazyk: Čeština
Vydáno: Praha : Člověk v tísni, 2007
Témata:
Fyzický popis: 117 s. : il. ; 30 cm
Knihy
Uloženo v:
LEADER 01906nam a2200481 a 4500
001 nkc20081790785
003 CZ PrNK
005 20080618170745.0
007 ta
008 080208s2007 xr a e f 000 0 cze
015 |a cnb001790785 
020 |a 978-80-86961-45-3  |q (kroužková vazba) 
035 |a (OCoLC)236556329 
040 |a OLA001  |b cze 
043 |a e-xr--- 
072 7 |a 37  |x Výchova a vzdělávání  |2 Konspekt  |9 22 
080 |a 37.043.2  |2 MRF 
080 |a (=214.58)  |2 MRF 
080 |a 364.624.4  |2 MRF 
080 |a (437.3)  |2 MRF 
080 |a (072)  |2 MRF 
245 0 0 |a Příběhy ze špatné čtvrti, aneb, Jak pracovat s tématem segregace nejen ve školství /  |c Tomáš Nikolai (ed.) ; [autoři Petra Sedláčková ... et al.] 
246 3 0 |a Jak pracovat s tématem segregace nejen ve školství 
260 |a Praha :  |b Člověk v tísni,  |c 2007 
300 |a 117 s. :  |b il. ;  |c 30 cm 
500 |a "Tento materiál vznikl v rámci projektu Podpora principu integrace Romů prostřednictvím kurzů multikulturní výchovy pro pedagogy ZŠ a SŠ"--Rub tit. s. 
500 |a Terminologický slovník 
504 |a Obsahuje bibliografie a bibliografické odkazy 
650 0 7 |a multikulturní výchova  |7 ph829799  |2 czenas 
650 0 7 |a Romové  |7 ph118051  |z Česko  |2 czenas 
650 0 7 |a sociální vyloučení  |7 ph164936  |2 czenas 
650 0 9 |a multicultural education  |2 eczenas 
650 0 9 |a Romanies  |z Czechia  |2 eczenas 
650 0 9 |a social exclusion  |2 eczenas 
655 7 |a metodické příručky  |7 fd132826  |2 czenas 
655 9 |a methodological manuals  |2 eczenas 
700 1 |a Nikolai, Tomáš,  |d 1976-  |7 mzk2008442770  |4 aut  |4 edt 
700 1 |a Sedláčková, Petra  |7 jx20080416023  |4 aut 
910 2 |a BOA001  |b 4-1201.016 
990 |a BK 
995 |a 01 
991 |b 200803  |c NOV 
996 6 |b 2610337811  |c 4-1201.016  |l MZK  |r Sklad / do 1 hodiny  |n 13  |p p.v.  |w 000888646  |u 000010  |a 1  |e BOA001  |j MZK50  |s P